Οικονομική του Περιβάλλοντος και των Φυσικών Πόρων. (Record no. 4069)
[ view plain ]
| 000 -LEADER | |
|---|---|
| fixed length control field | 01412cam a22001934a 4500 |
| 005 - ΗΜΕΡΟΜΗΝΙΑ ΚΑΙ ΩΡΑ ΤΕΛΕΥΤΑΙΑΣ ΕΝΗΜΕΡΩΣΗΣ | |
| Πεδίο ελέγχου | 20250605164135.0 |
| 008 - FIXED-LENGTH DATA ELEMENTS--GENERAL INFORMATION | |
| Πεδίο ελέγχου σταθερού μήκους | 250528s ||||||||||||||||||||||||d |
| 035 ## - SYSTEM CONTROL NUMBER | |
| System control number | 18752 |
| 020 ## - ISBN | |
| ISBN | 9600107599 |
| 040 ## - ΠΗΓΗ ΚΑΤΑΛΟΓΟΓΡΑΦΗΣΗΣ | |
| Φορέας πρωτότυπης καταλογογράφησης | MC Athens Campus Library |
| Γλώσσα καταλογογράφησης | Ελληνικά, Μοντέρνα (1453-) |
| Modifying agency | MC Athens Campus Library |
| Κανόνες περιγραφικής καταλογογράφησης | AACR2 |
| 245 1# - ΤΙΤΛΟΣ ΚΑΙ ΔΗΛΩΣΗ ΥΠΕΥΘΥΝΟΤΗΤΑΣ | |
| Τίτλος | Οικονομική του Περιβάλλοντος και των Φυσικών Πόρων. |
| Number of part/section of a work | Τόμος Β' |
| 260 ## - PUBLICATION, DISTRIBUTION, ETC. | |
| Name of publisher, distributor, etc. | Gutenberg, |
| Date of publication, distribution, etc. | 2001 |
| 300 ## - PHYSICAL DESCRIPTION | |
| Extent | 464 |
| 520 ## - SUMMARY, ETC. | |
| Summary, etc. | Γενικευμένη Σπανιότητα Φυσικών Πόρων, Η Οικονομική του Ελέγχου της Ρύπανσης: Επισκόπηση, Σταθερή Πηγή Τοπικής Ατμοσφαιρικής Ρύπανσης, Περιφερειακοί και Παγκόσμιοι Ατμοσφαιρικοί Ρύποι: Όξινη Βροχή και Αλλαγή της Ατμόσφαιρας, Κινητή Πηγή Ατμοσφαιρικής Ρύπανσης, Ρύπανση των Υδάτων, Τοξικές Ουσίες, Περιβαλλοντική Δικαιοσύνη, Ανάπτυξη και Φτώχεια και Περιβάλλον, Η Αναζήτηση μιας Διατηρήσιμης Ανάπτυξης, Αναθεώρηση των Μελλοντικών Προοπτικών, Εθρετήριο Ονομάτων και Πραγμάτων. |
| 700 1# - ΠΡΟΣΘΕΤΗ ΑΝΑΓΡΑΦΗ--ΦΥΣΙΚΟ ΠΡΟΣΩΠΟ | |
| Personal name | Tietenberg Tom |
| 9 (RLIN) | 4714 |
| 942 ## - ADDED ENTRY ELEMENTS (KOHA) | |
| Koha item type | Books |
| Τύπος τεκμηρίου | Βιβλιοθήκη | Τρέχουσα τοποθεσία | Barcode | Αριθμός εισαγωγής | Ημερομηνία απόκτησης | Ταξιθετικό σύμβολο | Αριθμός αντιτύπου | Κατάσταση απόσυρσης | Κατάσταση χαμένου | Κατάσταση κατεστραμμένου | Μη δανεισμός | Σύνολο δανεισμών | Ημερομηνία τελευταίας εμφάνισης | Η τιμή ισχύει από |
|---|---|---|---|---|---|---|---|---|---|---|---|---|---|---|
| Books | MC Athens Campus Library | MC Athens Campus Library | 9780000040688 | 3662 | 05/06/2025 | 333.7 TIE V.B | 1 | 05/06/2025 | 05/06/2025 |